| 000 | 00533nam a2200181Ia 4500 | ||
|---|---|---|---|
| 005 | 20250508155436.0 | ||
| 008 | 008 250505s9999 xx 000 0 hin d | ||
| 037 | _aBooks to be hide in OPAC | ||
| 040 |
_aFEDL _beng _cFEDL |
||
| 041 |
_ahin _2eng |
||
| 084 |
_a370.92, IND/O _qFEDL |
||
| 245 | 0 | _aBhartiya shiksha ki kuch Mahan Vibhutiya | |
| 245 | 0 | _cBharat Sarkar, Shiksha Mantraliya | |
| 260 |
_aDelhi, India _bShiksha Mantralaya |
||
| 300 | _a16p. | ||
| 942 |
_cHB _h370.92, IND/O |
||
| 999 |
_c1356919 _d1356919 |
||